• 首页
  • 本馆介绍
  • 公告通知
  • 最新文献
  • 馆藏检索
  • 电子资源
  • 读者导购
  • 参考咨询
  • 我的图书馆
  • 登录
  • 详细信息显示
  • 放入我的书架
  • 预约/预借图书
  • 作者相关作品
  • 分类相关作品
  • 丛书相关作品
  • 出版社相关作品

书目信息

  • 表格格式
  • 工作单格式
  • 卡片格式
题名:
中非教育研究
    
 
作者: 王玉雯 , 韩超 著
分册:  
出版信息: 北京   北京理工大学出版社  2020.05
页数: 141页
开本: 24cm
丛书名:
单 册:
中图分类: G523.3
科图分类:
主题词: 教育--jiao yu--国际交流--研究--中国--非洲
电子资源:
ISBN: 978-7-5682-8494-3
000 01236nam0 2200265 450
001 0109110058
005 20201109110334.0
010    @a978-7-5682-8494-3@dCNY39.00
100    @a20200911d2020 em y0chiy50 ea
101 0  @achi@aeng
102    @aCN@b110000
105    @aa az 000yy
106    @ar
200 1  @a中非教育研究@Azhong fei jiao yu yan jiu@dResearch on Sino-African education@f王玉雯, 韩超著@zeng
210    @a北京@c北京理工大学出版社@d2020.05
215    @a141页@c图@d24cm
320    @a有书目
330    @a《中非教育研究》基于作者近几年的中非教育实证研究,分上下篇。上篇侧重于非洲孔子学院及其跨文化交际的研究,主要研究尼日利亚孔子学院在中尼关系中的作用、刚果孔子学院汉语教材使用情况的调查研究、南非的语言教学模式和尼日利亚孔子学院汉教志愿者跨文化适应的调查研究;下篇主要围绕北京理工大学和拉各斯大学孔子学院汉语教学以及人才培养的研究,从赴非汉语教学志愿者的视角,在非洲教学实践基础上进行了有针对性的国别化实证研究,可供相关研究人员参考之用。
510 1  @aResearch on Sino-African education@zeng
606 0  @a教育@Ajiao yu@x国际交流@x研究@y中国@y非洲
690    @aG523.3@v5
701  0 @a王玉雯@Awang yu wen@4著
701  0 @a韩超@Ahan chao@4著
801  0 @aCN@bBJSZM@c20201103
905    @b1266071-5@dG523.3@e385@f5
    
    中非教育研究=Research on Sino-African education/王玉雯, 韩超著.-北京:北京理工大学出版社,2020.05
    141页:图;24cm
    
    
    ISBN 978-7-5682-8494-3:CNY39.00
    《中非教育研究》基于作者近几年的中非教育实证研究,分上下篇。上篇侧重于非洲孔子学院及其跨文化交际的研究,主要研究尼日利亚孔子学院在中尼关系中的作用、刚果孔子学院汉语教材使用情况的调查研究、南非的语言教学模式和尼日利亚孔子学院汉教志愿者跨文化适应的调查研究;下篇主要围绕北京理工大学和拉各斯大学孔子学院汉语教学以及人才培养的研究,从赴非汉语教学志愿者的视角,在非洲教学实践基础上进行了有针对性的国别化实证研究,可供相关研究人员参考之用。
●
相关链接 在E读中查询图书 在五车中查询图书 在当当中查询图书 在豆瓣中查询图书


正题名:中非教育研究     索取号:G523.3/385         预约/预借

序号 登录号 条形码 馆藏地/架位号 状态 备注
1 1266071   212660716   第一样本阅览室/ [索取号:G523.3/385] 在馆    
2 1266072   212660725   教育系资料室/ [索取号:G523.3/385] 在馆    
3 1266073   212660734   教育系资料室/ [索取号:G523.3/385] 在馆    
4 1266074   212660743   第四借阅区/ [索取号:G523.3/385] 在馆    
5 1266075   212660752   第四借阅区/ [索取号:G523.3/385] 在馆    
唐山师范学院图书馆 欢迎您!
大连网信软件有限公司© 版权所有